| 000 | 00398nam a2200169 a 4500 | ||
|---|---|---|---|
| 005 | 20140414131914.0 | ||
| 008 | 040128s19uu xx 00 eng d | ||
| 020 | _a | ||
| 050 |
_aER _bOh1 1998 |
||
| 100 | _aHogan, Mary | ||
| 245 |
_aOh, Babe! / _cby Mary Hogan. |
||
| 260 |
_aNew York : _bUniversal Studio, _c1998. |
||
| 300 | _ap. ; cm. | ||
| 440 | _a | ||
| 650 |
_a _x |
||
| 999 |
_c111353 _d111353 |
||